000 00423nam a2200169 a 4500
005 20140412111341.0
008 031016s19uu xx 00 eng d
020 _a0-7364-1233-6
050 _aER
_bIm1 2001
245 _aI'm Sulley.
260 _aNew York :
_bRandom House,
_c2001.
300 _a[10] p. ; ill.
440 _aMonters, Inc.
650 _aMonsters--Fiction
650 _aFurry--Fiction
999 _c105123
_d105123